000 00581nam a2200181 a 4500
005 20210219160210.0
008 080924s1991 mx r 000 0 spa d
020 _a9688380849
035 _aUPN01000160727
049 _aUNE
080 _aOC 016:577. 4(07) (72) "1991" BIB
245 0 0 _aBibliografía sobre educación ambiental
260 _aMéxico :
_bSEDUE,
_c1991.
300 _a117 p.
690 _aBibliografias especiales- Educacion ambiental- Mexico
710 2 _aMéxico. Secretaría de Desarrollo Urbano y Ecología. Subsecretaría de Ecología.
905 _aUNESCO
999 _c132840
_d132840